|
|
|
|
| LEADER |
00000nab a2200000 a 4500 |
| 001 |
vtls000906072 |
| 003 |
SK-MaSNL |
| 005 |
20260304201225.0 |
| 008 |
040720e20010221xo 0 slo |
| 035 |
|
|
|a KE15016
|
| 040 |
|
|
|a KEVKJB
|b slo
|c KEVKJB
|e AACR2
|
| 041 |
0 |
|
|a slo
|
| 044 |
|
|
|a xo
|c SK
|
| 080 |
|
|
|a 784.66
|2 1981
|
| 100 |
1 |
|
|a Petruška, Igor
|4 aut
|9 267743
|
| 245 |
1 |
0 |
|a Silvermanov imidž im vyhovuje
|
| 300 |
|
|
|b 4 obr.
|
| 610 |
2 |
7 |
|a Ears (hudobná skupina)
|2 KEVKJB
|9 30531
|
| 650 |
0 |
7 |
|a populárna hudba
|2 KEVKJB
|9 3428
|
| 650 |
0 |
7 |
|a hudobné skupiny
|2 KEVKJB
|9 3429
|
| 650 |
0 |
7 |
|a tvorba
|2 KEVKJB
|9 287368
|
| 650 |
0 |
7 |
|a informácie
|2 KEVKJB
|9 1285
|
| 651 |
|
7 |
|a Košice (Slovensko)
|2 KEVKJB
|9 18694
|
| 651 |
|
7 |
|a KE,
|2 KEVKJB
|9 877256
|
| 655 |
|
7 |
|a periodikum
|2 snkbucl
|9 29553
|
| 710 |
2 |
|
|a Ears (hudobná skupina)
|4 aut
|9 30531
|
| 773 |
0 |
8 |
|t Košický večer
|g Roč. 12
|g Roč. 33, č.37, 21.2.2001, s. 6
|
| 852 |
|
|
|a ZVYKNI
|b KIS3GCP
|
| 999 |
|
|
|c 3093913
|d 3095843
|